| 000 | 00980nam a2200265Ia 4500 | ||
|---|---|---|---|
| 003 | OSt | ||
| 005 | 20220923211329.0 | ||
| 006 | a|||||r|||| 00| 0 | ||
| 007 | ta | ||
| 008 | 220922b |||||||| |||| 00| 0 pan d | ||
| 020 |
_a9788182991019 (hbk) _c275 |
||
| 024 | _a330,964 | ||
| 037 |
_bSP/5382, 17/03/2018, Star Publications (Pvt.) Ltd. _cTextual |
||
| 040 |
_aARTS _cARTS _bpan |
||
| 041 |
_2pan _apan |
||
| 082 | _aO153,6x, Q7 | ||
| 100 | _aਨਰੂਲਾ, ਤਰਸੇਮ, ਂਚ. | ||
| 245 | 0 | _aਹੋਣਹਾਰ ਬਿਰਵਾਨ ਦੇ ਚਿਕਣੇ ਚਿਕਣੇ ਪੱਤ | |
| 260 |
_aਦਿੱਲੀ _b ਆਰਸੀ ਪਬਲਿFਰੂਗ਼ _c2017 |
||
| 300 |
_a150ਪ0 _ccm. |
||
| 650 | _a ਪੰਜਾਬੀ ਕਹਾਣੀ | ||
| 650 | _aਪੰਜਾਬੀ ਸਾਹਿਤ | ||
| 942 |
_hO153,6x, Q7 _cTEXL _2CC |
||
| 999 |
_c298552 _d298552 |
||